000 01017nam0a22002651 4500
001 rc\4012114
005 20260406094454.0
021 _aRU
_b[56-51663]
035 _a(NLR Aleph) 008080429
090 _a9120014
_c9120014
100 _a20130415d1956 u y0rusy50 ca
101 0 _arus
102 _aRU
105 _ay z |||||
200 1 _aУвеличить озимый клин на юге республики
_fМ-во сельского хозяйства Казах. ССР. Гл. упр. с.-х. науки
210 _aАлма-Ата
_cБ. и.
_d1956
215 _a8 с.
_d20
300 _aПеред загл. авт.: А. Карпов, агр.
606 _aОзимые культуры
_xВозделывание
_yКазахская ССР
_2psbo
700 1 _7ca
_8rus
_aКарпов
_bА. В.
_cагроном
_gАлексей Васильевич
_3RU\NLR\AUTH\770286819
_92686588
801 0 _aRU
_bNLR
_gpsbo
801 1 _aRU
_bELAR
_2rusmarc
852 _aNLR
_jС50 Г-4/5956
942 _cBOOK
980 _aNB